000 00350nam a2200157Ia 4500
008 210210b1928 xxu||||| |||| 00| 0 eng d
041 _aeng
082 _a940/51
100 _aDAVIS (H W C)
245 _aMedieval Europe
260 _aLondon
_b-
_c1928
650 _aMedieval
650 _aEurope
690 _aEuropean History
906 _a025121
999 _c150970
_d150970